少年台灣

資料類型: Book 圖書   書目號:46386

Leader xxxxxxxxxx
001 __ PCLIS00046386
005 __ 20210901153215.0
010 0_ |a978-986-323-057-1|b平裝|dNT$360
100 __ |a20131121d2013    m  y0chiy09      e
101 0_ |achi
102 __ |atw
105 __ |aa   z   000cy
200 1_ |a少年台灣|f蔣勳著
205 __ |a三版
210 __ |a臺北市|c聯合文學出版|a新北市新店區|c聯合發行總經銷|d2013[民102]
215 0_ |a399面|c|d21公分
225 1_ |a聯合文叢|v571
225 1_ |a聯合文學|v636
517 1_ |a少年臺灣|zchi
681 __ |a855|b848
700 _1 |a|b|4801 _0 |atw|b內湖高中|c20131121|gCCR
詳細館藏 1-3 筆 (共 3 筆)
索 書 號登 錄 號冊次號館別 / 館藏地流通類型狀態加入預約清單電子資源
855 / 848 1021100  圖書館 / 一樓普通區 可外借30天 在館   
855 / 848 1023023  圖書館 / 一樓普通區 可外借30天 在館   
855 / 848 1023024  圖書館 / 一樓普通區 可外借30天 在館   

| 條列資料




目錄查詢 分類查詢 個人資料 圖書薦購 新書查詢 閉館日 排行榜 更多電子資源 Hami書城 線上資料庫 登出

From : 216.73.216.116

  本日流通累計至 18:29:44 借閱 : 6 次 續借 : 0 次 歸還 : 8 次 預約 : 0 次 電子資源 : 0 次


內湖高中圖書館  PCLIS 版本  25.5.0.2